00750nam a2200205Ia 4500001000900000003000500009008004100014010001100055040000900066100002300075245014100098260007700239300000900316410003300325650005300358700000500411700002600416700003200442710007000474Para_100CHAP220125s1990 xx 000 0 und d a198824 cCHAP aPalomo Gil, Arturo aLaguna 89 :b nueva variedad de algodonero tolerante al verticillium /c por Arturo Palomo G., Salvador Godoy A. y Enrique A. Garcia C aMatamoros, Coah. :b INIFAP. Campo Agrícola Experimental de la Laguna a8 p. aFolleto para productores; 10 aAlgodónxVariedades resistentes a enfermedades a aI. Godoy A. Salvador  aII. García C. Enrique A.  aIII. INIFAP. México. Campo Agrícola Experimental de la Laguna